00384nam a2200157Ia 4500003000900000008004100009020001800050040001600068080001700084100002000101245002600121260003900147300001500186650001400201650001100215IN-BaIIA211028s9999 xx 000 0 eng d a0-486-22947-5 cIIA Library a520.378bWAU aWaugh, Albert E 0aSundialscA. E. Waugh aNew YorkbDover Publicationsc1973 axii, 228p. a Dials  aTime